[Event "Roncana op-C 9th"]
[Site "Santa Eulalia de Roncana"]
[Date "2015.10.03"]
[Round "1"]
[White "Parra Ordorica, Arnau"]
[Black "Bonamussa Vila, Nuria"]
[Result "1-0"]
[WhiteElo "1767"]
[BlackElo "1689"]
[PlyCount "101"]
[EventDate "2015.10.03"]
[EventType "swiss"]
[EventRounds "8"]
[EventCountry "ESP"]
[SourceTitle "EXT 2017"]
[Source "ChessBase"]
[SourceDate "2016.10.25"]
[SourceVersion "1"]
[SourceVersionDate "2016.10.25"]
[SourceQuality "1"]

1. e4 e5 2. Nf3 Nc6 3. Bc4 Nf6 4. Ng5 d5 5. exd5 Nd4 6. Nc3 Bb4 7. a3 Ba5 8. 0-0 Bg4 9. f3 Bh5 10. d3 Bb6 11. Kh1 h6 12. Nge4 Nd7 13. Be3 Bg6 14. Nb5 f5 15. Nf2 f4 16. Bd2 Qe7 17. Bb4 Bc5 18. Nxc7+ Kf7 19. d6+ Qe6 20. Bxe6+ Nxe6 21. Nxa8 Rxa8 22. Bxc5 Ndxc5 23. b4 Na4 24. c4 Nc3 25. Qc2 Na4 26. Qxa4 Nd4 27. Qd7+ Kf6 28. Ng4+ Kg5 29. Qe7+ Kh5 30. g3 Nf5 31. Qxb7 Rf8 32. d7 Nd6 33. Qc7 Nf7 34. Rae1 Bxd3 35. Rf2 e4 36. Ne5 e3 37. Rb2 Bf5 38. Nc6 Bxd7 39. Qxd7 Ng5 40. h4 Nxf3 41. Qd5+ Kg6 42. Qxf3 Re8 43. Qg4+ Kh7 44. Qf5+ g6 45. Qf7+ Kh8 46. Qxe8+ Kh7 47. Rd1 h5 48. Rd6 Kg7 49. Rxg6+ Kh7 50. Qf7+ Kh8 51. Rh6# 1-0